| 000 | 01102nam a22002057a 4500 | ||
|---|---|---|---|
| 999 |
_c1249 _d1249 |
||
| 005 | 20251125232736.0 | ||
| 008 | s2524 th tha d | ||
| 040 | _aNALT | ||
| 041 | _atha | ||
| 050 | _aDS579 น24 | ||
| 100 | 0 | _aนคร พันธุ์ณรงค์ | |
| 245 | 1 | 0 | _aประวัติศาสตร์ไทยสมัยกรุงธนบุรี และรัตนโกสินทร์ |
| 260 | 3 |
_aพิษณุโลก : _bภาควิชาประวัติศาสตร์ คณะสังคมศาสตร์ มหาวิทยาลัยศรีนครินทรวิโรฒ พิษณุโลก, _c2524 |
|
| 300 |
_a470 หน้า : _b ตาราง, แผนผัง |
||
| 650 | 0 | 4 | _aไทย -- ประวัติศาสตร์ -- กรุงธนบุรี, 2310--2325 |
| 650 | 0 | 4 | _aไทย -- ประวัติศาสตร์ -- กรุงรัตนโกสินทร์, 2325-- |
| 850 | _aNALT | ||
| 856 | 4 | 0 |
_uhttps://hdl.handle.net/20.500.14156/371926 _71 |
| 942 |
_cGB _2lcc |
||